El flautista de Hamelin / (Record no. 123865)
[ view plain ]
| 000 -CABECERA | |
|---|---|
| campo de control de longitud fija | 00648nam a2200193 a 4500 |
| 005 - FECHA Y HORA DE LA ÚLTIMA TRANSACCIÓN | |
| campo de control | 20210223130248.0 |
| 008 - ELEMENTOS DE LONGITUD FIJA--INFORMACIÓN GENERAL | |
| campo de control de longitud fija | 070906s2004 mx r 000 0 spa d |
| 020 ## - NÚMERO INTERNACIONAL NORMALIZADO PARA LIBROS | |
| Número Internacional Estándar del Libro | 8449418909 |
| 035 ## - NÚMERO DE CONTROL DEL SISTEMA | |
| Número de control de sistema | UPN01000151729 |
| 049 ## - COLECCIÓN | |
| Colección | I |
| 050 #4 - SIGNATURA TOPOGRÁFICA DE LA BIBLIOTECA DEL CONGRESO | |
| Número de clasificación | PZ8.2 |
| Número de documento/Ítem | J5.4 |
| 100 1# - ASIENTO PRINCIPAL--NOMBRE PERSONAL | |
| Nombre de persona | Jiménez Hernández, Miguel, |
| Fechas asociadas al nombre | 1947- |
| 245 03 - MENCIÓN DE TÍTULO | |
| Título | El flautista de Hamelin / |
| Mención de responsabilidad, etc. | Adaptación y dibs. Miguel Jiménez Hernández. |
| 260 ## - PUBLICACIÓN, DISTRIBUCIÓN, ETC. | |
| Lugar de publicación, distribución, etc. | Barcelona, Esp. : |
| Nombre del editor, distribuidor, etc. | Océano, |
| Fecha de publicación, distribución, etc. | c2004. |
| 300 ## - DESCRIPCIÓN FÍSICA | |
| Extensión | 26 p. : |
| Otras características físicas | il. col. + |
| Material acompañante/anejo | 1 CD-ROM ; 4 3/4 plg. |
| 500 ## - NOTA GENERAL | |
| Nota general | Solicíta el CD-ROM en el Mostrador de Préstamo |
| 650 #4 - ASIENTO SECUNDARIO DE MATERIA - TERMINO TEMATICO | |
| Término de materia o nombre geográfico como elemento de entrada | FABULAS ALEMANAS - |
| Subdivisión de forma | LITERATURA JUVENIL |
| 9 (RLIN) | 8916 |
| 905 ## - TIPO DE MATERIAL | |
| Tipo de material | Infantil |
| Estado de retiro | Estado de pérdida | Fuente del sistema de clasificación o colocación | Estado dañado | No para préstamo | Código de colección | Localización permanente | Ubicación/localización actual | Ubicación en estantería | Fecha de adquisición | Total de préstamos | Clasificación | Código de barras | Fecha visto por última vez | Número de copia | Tipo de ítem Koha | Precio válido a partir de | Nota pública |
|---|---|---|---|---|---|---|---|---|---|---|---|---|---|---|---|---|---|
| Library of Congress Classification | Infantil | Bib. Gregorio Torres Quintero | Bib. Gregorio Torres Quintero | Sala infantil Planta baja | 10/05/2023 | 6 | PZ8.2 J5.4 | 249799 | 31/12/2020 | 1 | Libro | ||||||
| Library of Congress Classification | Materiales complementarios y otros recursos electrónicos | Bib. Gregorio Torres Quintero | Bib. Gregorio Torres Quintero | Mostrador de préstamo Planta baja | 26/02/2024 | PZ8.2 J5.4 | 337899 | 26/02/2024 | Disco Compacto | 26/02/2024 | Solicítalo en el mostrador de préstamo |
